<?xml version="1.0" encoding="UTF-8"?>
<record
    xmlns:xsi="http://www.w3.org/2001/XMLSchema-instance"
    xsi:schemaLocation="http://www.loc.gov/MARC21/slim http://www.loc.gov/standards/marcxml/schema/MARC21slim.xsd"
    xmlns="http://www.loc.gov/MARC21/slim">

  <leader>01274na  a2200265   4500</leader>
  <controlfield tag="001">13329</controlfield>
  <controlfield tag="003">MIRAKIL</controlfield>
  <controlfield tag="005">20181213155122.0</controlfield>
  <controlfield tag="008">161011b        tu            000 0      </controlfield>
  <datafield tag="035" ind1=" " ind2=" ">
    <subfield code="a">13329</subfield>
  </datafield>
  <datafield tag="040" ind1=" " ind2=" ">
    <subfield code="a">Milas</subfield>
    <subfield code="b">tur</subfield>
    <subfield code="c">TR-AnCHP</subfield>
  </datafield>
  <datafield tag="041" ind1=" " ind2=" ">
    <subfield code="a">tur</subfield>
  </datafield>
  <datafield tag="082" ind1=" " ind2=" ">
    <subfield code="a">323.09561</subfield>
    <subfield code="b">I57 1998</subfield>
  </datafield>
  <datafield tag="090" ind1=" " ind2=" ">
    <subfield code="a">323.09561 I57 1998</subfield>
  </datafield>
  <datafield tag="245" ind1=" " ind2=" ">
    <subfield code="a">&#x130;nsan Haklar&#x131; Koordinat&#xF6;r &#xDC;st Kurulu'n&#x131;n &#xE7;al&#x131;&#x15F;malar&#x131;</subfield>
    <subfield code="b">insan haklar&#x131; a&#xE7;&#x131;s&#x131;ndan kad&#x131;n&#x131;n durumu, sorunlar&#x131; ve &#xE7;&#xF6;z&#xFC;m &#xF6;nerileri</subfield>
    <subfield code="c">&#x130;nsan Haklar&#x131; Kordinat&#xF6;r &#xDC;st Kurulu</subfield>
  </datafield>
  <datafield tag="246" ind1=" " ind2=" ">
    <subfield code="a">&#x130;nsan haklar&#x131; a&#xE7;&#x131;s&#x131;ndan kad&#x131;n&#x131;n durumu, sorunlar&#x131; ve &#xE7;&#xF6;z&#xFC;m &#xF6;nerileri</subfield>
  </datafield>
  <datafield tag="260" ind1=" " ind2=" ">
    <subfield code="a">Ankara</subfield>
    <subfield code="b">&#x130;nsan Haklar&#x131; Kordinat&#xF6;r &#xDC;st Kurulu</subfield>
    <subfield code="c">1998</subfield>
  </datafield>
  <datafield tag="300" ind1=" " ind2=" ">
    <subfield code="a">4 c.</subfield>
    <subfield code="b">tbl.</subfield>
    <subfield code="c">20 sm.</subfield>
  </datafield>
  <datafield tag="490" ind1=" " ind2=" ">
    <subfield code="a">&#x130;nsan Haklar&#x131; Kordinat&#xF6;r &#xDC;st Kurulu Yay&#x131;nlar&#x131;</subfield>
    <subfield code="v">3</subfield>
  </datafield>
  <datafield tag="505" ind1=" " ind2=" ">
    <subfield code="a">c.1 Genel bilgiler ve bas&#x131;n a&#xE7;&#x131;klamalar&#x131;. -- c.2 Kanun tasar&#x131;lar&#x131;, y&#xF6;netmelikler, genelgeler, incelemeler ve adli rapor formlar&#x131;  -- c.3 &#x130;nsan haklar&#x131; a&#xE7;&#x131;s&#x131;ndan kad&#x131;n&#x131;n durumu, sorunlar&#x131; ve &#xE7;&#xF6;z&#xFC;m &#xF6;nerileri. -- c.4 Bir insan hakk&#x131; olarak &#xE7;evre hakk&#x131; ve uygulamas&#x131;</subfield>
  </datafield>
  <datafield tag="650" ind1=" " ind2=" ">
    <subfield code="a">Medeni haklar</subfield>
    <subfield code="x">Kad&#x131;nlar</subfield>
    <subfield code="z">T&#xFC;rkiye</subfield>
  </datafield>
  <datafield tag="650" ind1=" " ind2=" ">
    <subfield code="a">Kad&#x131;n haklar&#x131;</subfield>
    <subfield code="z">T&#xFC;rkiye</subfield>
  </datafield>
  <datafield tag="650" ind1=" " ind2=" ">
    <subfield code="a">Kad&#x131;n sorunu</subfield>
    <subfield code="x">&#x130;nsan haklar&#x131;</subfield>
    <subfield code="z">T&#xFC;rkiye</subfield>
  </datafield>
  <datafield tag="942" ind1=" " ind2=" ">
    <subfield code="2">dcc</subfield>
    <subfield code="c">BKS</subfield>
  </datafield>
  <datafield tag="952" ind1=" " ind2=" ">
    <subfield code="a">0001</subfield>
    <subfield code="b">0001</subfield>
    <subfield code="d">2016-08-13</subfield>
    <subfield code="e">2</subfield>
    <subfield code="l">0</subfield>
    <subfield code="o">323.09561 I57 1998</subfield>
    <subfield code="p">001125</subfield>
    <subfield code="r">2016-08-13 00:00:00</subfield>
    <subfield code="v">0.00</subfield>
    <subfield code="w">2016-08-13</subfield>
    <subfield code="y">BKS</subfield>
  </datafield>
  <datafield tag="999" ind1=" " ind2=" ">
    <subfield code="c">6874</subfield>
    <subfield code="d">6874</subfield>
  </datafield>
</record>
